00432 2200169 4500001002100000008004100021035002000062245002200082100001500104260004100119300002100160020002200181084001600203082001000219650001900229990001400248INLIS000000000000192 ind  a0010-0525000173 aPergicTere, Liye aLiye, Tere aJakarta :bRepublika Penerbit,c2018 a455 hlm.c21 cm. a978-602-573-405-2 a813.6 LIY p a813.6 aFiksi - Sosial a000000202